000 00375nam a2200157Ia 4500
008 230711s9999||||xx |||||||||||||| ||und||
041 _aENG
082 _a720
_bMA-A
100 _aMalone,Michael A
245 4 _aThe architects guide to residental design
250 _a1st
260 _c2010
_aNew York
_bMcGraw Hill
300 _a248
650 _aArchitecture
942 _cBK
999 _c5410
_d5410